[Event "Quebec op U2000"]
[Site "Ste-Foy CAN"]
[Date "2017.08.16"]
[Round "6.29"]
[White "Potvin, Alain-Nicolas"]
[Black "Gauthier, Luc"]
[Result "1-0"]
[WhiteElo "1838"]
[BlackElo "1696"]
[WhiteFideId "-1"]
[WhiteFideId "-1"]
[PlyCount "63"]
[GameId "2160767908347373"]
[EventDate "2017.08.12"]
[EventType "swiss"]
[EventRounds "9"]
[EventCountry "CAN"]
[SourceTitle "EXT 2022"]
[Source "ChessBase"]
[SourceDate "2021.10.06"]
[SourceVersion "1"]
[SourceVersionDate "2021.10.06"]
[SourceQuality "1"]

1. d4 d5 2. Nf3 Nc6 3. e3 Bg4 4. c4 e6 5. Nc3 Bb4 6. a3 Bxc3+ 7. bxc3 Nf6 8. Qb3 Rb8 9. Be2 O-O 10. O-O a6 11. cxd5 exd5 12. Bd2 Ne4 13. Rfd1 Ne7 14. c4 c6 15. Bb4 Re8 16. Rac1 Nf6 17. Qc2 Ng6 18. Ne1 Qd7 19. Bxg4 Qxg4 20. Bd6 Rbd8 21. Bg3 h5 22. h3 Qg5 23. Nf3 Qh6 24. c5 Ne4 25. Bh2 Ne7 26. Rb1 Nf5 27. Rd3 Rd7 28. Rdb3 g5 29. Rxb7 Rxb7 30. Rxb7 g4 31. Bf4 Qg6 32. Ne5 1-0

[Event "Quebec op U2000"]
[Site "Ste-Foy CAN"]
[Date "2017.08.16"]
[Round "6.31"]
[White "Bourassa, Andre"]
[Black "Jobin, Rock"]
[Result "1/2-1/2"]
[WhiteElo "1825"]
[BlackElo "1617"]
[WhiteFideId "-1"]
[WhiteFideId "-1"]
[PlyCount "47"]
[GameId "2160767908347374"]
[EventDate "2017.08.12"]
[EventType "swiss"]
[EventRounds "9"]
[EventCountry "CAN"]
[SourceTitle "EXT 2022"]
[Source "ChessBase"]
[SourceDate "2021.10.06"]
[SourceVersion "1"]
[SourceVersionDate "2021.10.06"]
[SourceQuality "1"]

1. d4 Nf6 2. c4 d6 3. Nc3 g6 4. Nf3 Bg7 5. e3 c6 6. Be2 O-O 7. O-O Qc7 8. Qb3 Nbd7 9. Bd2 e5 10. dxe5 dxe5 11. e4 Nc5 12. Qc2 Bg4 13. Be3 Ne6 14. h3 Bxf3 15. Bxf3 h5 16. Rad1 g5 17. Qe2 Nd4 18. Bxd4 exd4 19. Rxd4 Ng4 20. hxg4 Bxd4 21. gxh5 Rad8 22. Qc2 Qe5 23. Ne2 Bb6 24. g3 1/2-1/2

[Event "Quebec op U2000"]
[Site "Ste-Foy CAN"]
[Date "2017.08.16"]
[Round "6.32"]
[White "Molloy, Francis"]
[Black "Rouleau, Claude"]
[Result "1-0"]
[WhiteElo "1548"]
[BlackElo "1714"]
[WhiteFideId "-1"]
[WhiteFideId "-1"]
[PlyCount "77"]
[GameId "2160767908347375"]
[EventDate "2017.08.12"]
[EventType "swiss"]
[EventRounds "9"]
[EventCountry "CAN"]
[SourceTitle "EXT 2022"]
[Source "ChessBase"]
[SourceDate "2021.10.06"]
[SourceVersion "1"]
[SourceVersionDate "2021.10.06"]
[SourceQuality "1"]

1. Nf3 d5 2. d4 Nc6 3. e3 Nf6 4. Bd3 g6 5. O-O Bg7 6. h3 O-O 7. c4 dxc4 8. Bxc4 b6 9. Nc3 e6 10. Rb1 Bb7 11. a3 Rc8 12. b4 Ne7 13. Qe2 c6 14. Bb2 Ned5 15. Nd2 Nxc3 16. Bxc3 Nd5 17. Ba1 Re8 18. Nf3 Re7 19. Rbc1 c5 20. Ba6 cxb4 21. Bxb7 Rxb7 22. axb4 Nxb4 23. Rc4 Nd5 24. Rfc1 Rbc7 25. Qa2 a5 26. Nd2 Rxc4 27. Rxc4 Rxc4 28. Nxc4 Qc7 29. Qa4 Bf8 30. Qb5 Bb4 31. e4 Nf4 32. d5 Ne2+ 33. Kf1 Nc3 34. Bxc3 Bxc3 35. d6 Qd8 36. Qc6 Qg5 37. Ne3 Bf6 38. Ng4 Bd8 39. e5 1-0

[Event "Quebec op U2000"]
[Site "Ste-Foy CAN"]
[Date "2017.08.17"]
[Round "7.20"]
[White "Liard, Serge"]
[Black "Tinica, Gabriel"]
[Result "1/2-1/2"]
[WhiteElo "1991"]
[BlackElo "1880"]
[WhiteFideId "-1"]
[WhiteFideId "-1"]
[PlyCount "74"]
[GameId "2160767908347376"]
[EventDate "2017.08.12"]
[EventType "swiss"]
[EventRounds "9"]
[EventCountry "CAN"]
[SourceTitle "EXT 2022"]
[Source "ChessBase"]
[SourceDate "2021.10.06"]
[SourceVersion "1"]
[SourceVersionDate "2021.10.06"]
[SourceQuality "1"]

1. e4 c5 2. Nf3 e6 3. c3 d5 4. e5 Nc6 5. d4 Qb6 6. a3 cxd4 7. cxd4 Bd7 8. Nc3 a6 9. Be2 Qa7 10. Be3 Nge7 11. O-O Nf5 12. g4 Nfe7 13. Rc1 b5 14. Bxb5 Rb8 15. Bd3 Rxb2 16. Na4 Rb8 17. Nc5 a5 18. Ng5 h6 19. Nh3 Nc8 20. g5 Bxc5 21. Rxc5 hxg5 22. Nxg5 N8e7 23. Qf3 Nd8 24. Rfc1 Rb3 25. R5c3 Qb8 26. Qd1 a4 27. Rb1 Rxb1 28. Qxb1 Qxb1+ 29. Bxb1 Nec6 30. f4 Ke7 31. Bd3 Na5 32. Kg2 Ndc6 33. Nf3 Nb3 34. Bc2 Nca5 35. Bd3 Rb8 36. Kf2 Rb7 37. h4 Ra7 1/2-1/2

[Event "Quebec op U2000"]
[Site "Ste-Foy CAN"]
[Date "2017.08.17"]
[Round "7.22"]
[White "Dube, Dominic"]
[Black "Sauve, Richard"]
[Result "1/2-1/2"]
[WhiteElo "1914"]
[BlackElo "1857"]
[WhiteFideId "-1"]
[WhiteFideId "-1"]
[PlyCount "138"]
[GameId "2160767908347377"]
[EventDate "2017.08.12"]
[EventType "swiss"]
[EventRounds "9"]
[EventCountry "CAN"]
[SourceTitle "EXT 2022"]
[Source "ChessBase"]
[SourceDate "2021.10.06"]
[SourceVersion "1"]
[SourceVersionDate "2021.10.06"]
[SourceQuality "1"]

1. e4 e6 2. d4 d5 3. exd5 exd5 4. Nf3 Nf6 5. Bg5 Be7 6. Bd3 O-O 7. O-O Nc6 8. c3 Be6 9. Nbd2 h6 10. Bh4 a6 11. h3 Bd6 12. Bg3 Nh5 13. Bxd6 Qxd6 14. Ne1 Nf4 15. Qf3 Rae8 16. Bc2 Bd7 17. Nd3 Ng6 18. Nc5 Bc8 19. Rfe1 Nce7 20. Bd3 Nf4 21. Re3 Neg6 22. Rxe8 Rxe8 23. Bxg6 fxg6 24. Nd3 Nxd3 25. Qxd3 Bf5 26. Qf3 c6 27. Nf1 Qe6 28. Ne3 Rf8 29. Qg3 Qf7 30. a4 Bc8 31. Ra3 g5 32. b4 h5 33. Ra2 Qf4 34. b5 axb5 35. axb5 Qxg3 36. fxg3 Bf5 37. bxc6 bxc6 38. Ra7 Bd3 39. Re7 Rf6 40. Re5 g4 41. Rxh5 gxh3 42. Rxh3 Rf7 43. Rh5 Ra7 44. Re5 Ra3 45. Re8+ Kf7 46. Rc8 Rxc3 47. Nxd5 Rc4 48. Rc7+ Ke8 49. Nf4 Rxd4 50. Rxg7 Bb5 51. Kf2 Rd7 52. Rg5 Kf7 53. g4 Ra7 54. Rf5+ Kg8 55. Kg3 Ra2 56. Kh4 Bf1 57. g3 Rb2 58. g5 Rh2+ 59. Kg4 Be2+ 60. Nxe2 Rxe2 61. g6 Re7 62. Kg5 Kg7 63. g4 Rc7 64. Rc5 Rc8 65. Rc3 c5 66. Rh3 c4 67. Rh7+ Kg8 68. Kh6 c3 69. Rg7+ Kh8 1/2-1/2

[Event "Quebec op U2000"]
[Site "Ste-Foy CAN"]
[Date "2017.08.17"]
[Round "7.23"]
[White "Desbiens, Raphael"]
[Black "Sarra-Bournet, Marc"]
[Result "1-0"]
[WhiteElo "1954"]
[BlackElo "1793"]
[WhiteFideId "-1"]
[WhiteFideId "-1"]
[PlyCount "127"]
[GameId "2160767908347378"]
[EventDate "2017.08.12"]
[EventType "swiss"]
[EventRounds "9"]
[EventCountry "CAN"]
[SourceTitle "EXT 2022"]
[Source "ChessBase"]
[SourceDate "2021.10.06"]
[SourceVersion "1"]
[SourceVersionDate "2021.10.06"]
[SourceQuality "1"]

1. e4 e5 2. Nf3 Nc6 3. Bb5 a6 4. Ba4 Nf6 5. O-O Be7 6. Re1 b5 7. Bb3 d6 8. c3 O-O 9. h3 Na5 10. Bc2 c5 11. d4 Qc7 12. Nbd2 cxd4 13. cxd4 Nc6 14. Nb3 a5 15. Be3 a4 16. Nbd2 Nb4 17. Bb1 Bd7 18. a3 Na6 19. Bd3 exd4 20. Nxd4 Qb7 21. Qe2 Rab8 22. Bg5 Nc5 23. Nf5 Bxf5 24. exf5 Nxd3 25. Qxd3 d5 26. Re5 Bd8 27. Nf3 Ne4 28. Bxd8 Rfxd8 29. Rd1 Qb6 30. Qd4 Nf6 31. g4 h6 32. h4 Qc6 33. g5 hxg5 34. hxg5 Nh5 35. Rxd5 Re8 36. Qg4 g6 37. Rd6 Re4 38. Qg2 Qe8 39. fxg6 fxg6 40. R6d4 Nf4 41. Rxe4 Qxe4 42. Qh1 Rf8 43. Nd4 Ne2+ 44. Nxe2 Qxe2 45. Qd5+ Rf7 46. Rd2 Qg4+ 47. Kf1 Qf4 48. Re2 Qc1+ 49. Kg2 Qf4 50. Qxb5 Qf3+ 51. Kg1 Qg4+ 52. Kf1 Qh3+ 53. Ke1 Rd7 54. Qc6 Qf5 55. Qe6+ Kg7 56. Qxf5 gxf5 57. Re6 Rd4 58. Rb6 Rg4 59. Rb4 Kg6 60. f4 Rg2 61. Kd1 Rf2 62. Kc1 Re2 63. Rxa4 Re1+ 64. Kd2 1-0

[Event "Quebec op U2000"]
[Site "Ste-Foy CAN"]
[Date "2017.08.17"]
[Round "7.24"]
[White "Lalonde, Jean-Louis"]
[Black "Abran, David"]
[Result "0-1"]
[WhiteElo "1891"]
[BlackElo "1778"]
[WhiteFideId "-1"]
[WhiteFideId "-1"]
[PlyCount "94"]
[GameId "2160767908347379"]
[EventDate "2017.08.12"]
[EventType "swiss"]
[EventRounds "9"]
[EventCountry "CAN"]
[SourceTitle "EXT 2022"]
[Source "ChessBase"]
[SourceDate "2021.10.06"]
[SourceVersion "1"]
[SourceVersionDate "2021.10.06"]
[SourceQuality "1"]

1. Nf3 f5 2. d4 Nf6 3. Bg5 e6 4. Nbd2 d5 5. g3 Be7 6. Bg2 Nbd7 7. O-O b6 8. c4 c6 9. Rc1 Bb7 10. Ne5 Nxe5 11. dxe5 Ng4 12. Bxe7 Qxe7 13. Nf3 O-O 14. h3 Nh6 15. Nd4 c5 16. Nb5 d4 17. Nd6 Bxg2 18. Kxg2 Nf7 19. Nxf7 Rxf7 20. f4 g5 21. Qd3 Kh8 22. Kh2 Rg8 23. e4 gxf4 24. Rxf4 Qc7 25. exf5 Qxe5 26. Rcf1 exf5 27. Rxf5 Rxf5 28. Rxf5 Qe7 29. b4 Re8 30. Rf2 Qe4 31. Qxe4 Rxe4 32. bxc5 bxc5 33. Kg2 d3 34. Kf3 Rxc4 35. Ke3 Rc3 36. Rb2 c4 37. Rb8+ Kg7 38. Rb7+ Kg6 39. Rxa7 Rc2 40. Rc7 Re2+ 41. Kf3 Rc2 42. Ke3 d2 43. Ke2 c3 44. Rc6+ Kf5 45. Rc5+ Ke4 46. Rc8 Rc1 47. Rd8 Re1+ 0-1

[Event "Quebec op U2000"]
[Site "Ste-Foy CAN"]
[Date "2017.08.17"]
[Round "7.25"]
[White "Boulianne, Gabriel"]
[Black "Perreault, Jacquelin"]
[Result "1/2-1/2"]
[WhiteElo "1832"]
[BlackElo "1665"]
[WhiteFideId "-1"]
[WhiteFideId "-1"]
[PlyCount "67"]
[GameId "2160767908347380"]
[EventDate "2017.08.12"]
[EventType "swiss"]
[EventRounds "9"]
[EventCountry "CAN"]
[SourceTitle "EXT 2022"]
[Source "ChessBase"]
[SourceDate "2021.10.06"]
[SourceVersion "1"]
[SourceVersionDate "2021.10.06"]
[SourceQuality "1"]

1. d4 Nf6 2. c4 e6 3. Nf3 b6 4. g3 Bb7 5. Bg2 Bb4+ 6. Bd2 Bxd2+ 7. Nbxd2 d6 8. O-O Nbd7 9. Re1 Qe7 10. e4 e5 11. dxe5 dxe5 12. Qc2 O-O 13. a3 a5 14. Rab1 a4 15. Nh4 g6 16. Rbd1 Nc5 17. Nb1 Nb3 18. Nf3 c5 19. Nc3 Bc6 20. Nd5 Bxd5 21. exd5 Nd7 22. d6 Qf6 23. Nxe5 Nxe5 24. Bxa8 Rxa8 25. Qe4 Nf3+ 26. Kh1 Rd8 27. Qe7 Kg7 28. Re6 Qxe6 29. Qxd8 Qe2 30. Kg2 Qxd1 31. Qe7 Ne1+ 32. Kg1 Nd4 33. Qe5+ Kg8 34. Qe8+ 1/2-1/2

[Event "Quebec op U2000"]
[Site "Ste-Foy CAN"]
[Date "2017.08.17"]
[Round "7.26"]
[White "Richard, Leo"]
[Black "Cummins, Paul"]
[Result "1-0"]
[WhiteElo "1734"]
[BlackElo "1781"]
[WhiteFideId "-1"]
[WhiteFideId "-1"]
[PlyCount "51"]
[GameId "2160767908347381"]
[EventDate "2017.08.12"]
[EventType "swiss"]
[EventRounds "9"]
[EventCountry "CAN"]
[SourceTitle "EXT 2022"]
[Source "ChessBase"]
[SourceDate "2021.10.06"]
[SourceVersion "1"]
[SourceVersionDate "2021.10.06"]
[SourceQuality "1"]

1. e4 e6 2. d4 d5 3. Nc3 dxe4 4. Nxe4 Bd7 5. Nf3 Bc6 6. Bd3 Nd7 7. O-O Ngf6 8. Qe2 Nxe4 9. Bxe4 Bxe4 10. Qxe4 c6 11. Ne5 Nf6 12. Qd3 Be7 13. c3 O-O 14. f4 Nd7 15. Qh3 c5 16. Be3 cxd4 17. Bxd4 Nxe5 18. Bxe5 Bf6 19. Bxf6 Qxf6 20. Qf3 b5 21. Rad1 Qe7 22. f5 exf5 23. Qxf5 a6 24. Rd7 Qe3+ 25. Kh1 Ra7 26. Qxf7+ 1-0

[Event "Quebec op U2000"]
[Site "Ste-Foy CAN"]
[Date "2017.08.17"]
[Round "7.27"]
[White "Beauchesne, Jonathan"]
[Black "Potvin, Alain-Nicolas"]
[Result "1/2-1/2"]
[WhiteElo "1778"]
[BlackElo "1838"]
[WhiteFideId "-1"]
[WhiteFideId "-1"]
[PlyCount "23"]
[GameId "2160767908347382"]
[EventDate "2017.08.12"]
[EventType "swiss"]
[EventRounds "9"]
[EventCountry "CAN"]
[SourceTitle "EXT 2022"]
[Source "ChessBase"]
[SourceDate "2021.10.06"]
[SourceVersion "1"]
[SourceVersionDate "2021.10.06"]
[SourceQuality "1"]

1. e4 d6 2. d4 Nf6 3. Nc3 g6 4. f3 Bg7 5. Be3 O-O 6. Qd2 c6 7. Bd3 b5 8. a3 Nbd7 9. Nh3 e5 10. dxe5 Nxe5 11. Nf2 Nxd3+ 12. cxd3 1/2-1/2

[Event "Quebec op U2000"]
[Site "Ste-Foy CAN"]
[Date "2017.08.17"]
[Round "7.28"]
[White "Bourassa, Andre"]
[Black "Molloy, Francis"]
[Result "1/2-1/2"]
[WhiteElo "1825"]
[BlackElo "1548"]
[WhiteFideId "-1"]
[WhiteFideId "-1"]
[PlyCount "73"]
[GameId "2160767908347383"]
[EventDate "2017.08.12"]
[EventType "swiss"]
[EventRounds "9"]
[EventCountry "CAN"]
[SourceTitle "EXT 2022"]
[Source "ChessBase"]
[SourceDate "2021.10.06"]
[SourceVersion "1"]
[SourceVersionDate "2021.10.06"]
[SourceQuality "1"]

1. d4 d5 2. c4 e6 3. Nc3 Be7 4. Nf3 Nf6 5. e3 O-O 6. Bd3 c5 7. O-O dxc4 8. Bxc4 b6 9. d5 exd5 10. Nxd5 Bb7 11. Nxe7+ Qxe7 12. Ng5 h6 13. Nxf7 Rxf7 14. Qb3 Nc6 15. Bxf7+ Qxf7 16. Qxf7+ Kxf7 17. f3 Rd8 18. a3 Ba6 19. Re1 Na5 20. b4 Nb3 21. Rb1 Nxc1 22. Rbxc1 c4 23. e4 Ke6 24. a4 b5 25. axb5 Bxb5 26. Red1 Rxd1+ 27. Rxd1 a6 28. Kf2 g5 29. Ke3 Nd7 30. h4 Ne5 31. hxg5 hxg5 32. Kd4 Nd3 33. Kc3 Ke5 34. Rh1 Kf4 35. Rh5 Ne1 36. g3+ Kxf3 37. Rxg5 1/2-1/2

[Event "Quebec op U2000"]
[Site "Ste-Foy CAN"]
[Date "2017.08.17"]
[Round "7.29"]
[White "Pecorini, Jean Marc"]
[Black "Genest, Dominic"]
[Result "1/2-1/2"]
[WhiteElo "1744"]
[BlackElo "1757"]
[WhiteFideId "-1"]
[WhiteFideId "-1"]
[PlyCount "157"]
[GameId "2160767908347384"]
[EventDate "2017.08.12"]
[EventType "swiss"]
[EventRounds "9"]
[EventCountry "CAN"]
[SourceTitle "EXT 2022"]
[Source "ChessBase"]
[SourceDate "2021.10.06"]
[SourceVersion "1"]
[SourceVersionDate "2021.10.06"]
[SourceQuality "1"]

1. d4 d5 2. c4 e6 3. Nc3 Nf6 4. Bg5 Nbd7 5. Nf3 c6 6. cxd5 exd5 7. e3 Be7 8. Bd3 O-O 9. O-O Re8 10. Re1 Nf8 11. h3 Ng6 12. Ne5 Be6 13. Qc2 Nd7 14. Bf4 Ndf8 15. Bh2 Nxe5 16. dxe5 f6 17. exf6 Bxf6 18. Ne2 Bf7 19. Rad1 Qb6 20. Bd6 Bg6 21. Bxf8 Bxd3 22. Rxd3 Rxf8 23. Rb3 Qc7 24. Nf4 Rf7 25. Rc1 Qe5 26. Nd3 Qf5 27. Nc5 Qxc2 28. Rxc2 b6 29. Ne6 c5 30. Rd3 Re8 31. Nf4 d4 32. exd4 Bxd4 33. Nd5 Re1+ 34. Kh2 Bxf2 35. b4 Bg1+ 36. Kg3 Bd4 37. bxc5 Bxc5 38. Rf3 Bd6+ 39. Kf2 Rxf3+ 40. Kxf3 Bc5 41. Rc4 Rf1+ 42. Ke4 Rf2 43. Ra4 a5 44. g3 Kf7 45. Nf4 Bd6 46. Kd5 Rd2+ 47. Kc6 Bc5 48. Nd5 Rb2 49. Nc3 Bb4 50. Nb5 Bc5 51. Nc3 Rg2 52. Ne4 Be3 53. Nd6+ Kf8 54. Nc4 Rxg3 55. Nxe3 Rxe3 56. Kxb6 Rxh3 57. Rxa5 h5 58. a4 Rb3+ 59. Rb5 Rxb5+ 60. axb5 h4 61. Kc5 h3 62. b6 h2 63. b7 h1=Q 64. b8=Q+ Kf7 65. Qc7+ Kg6 66. Qd6+ Kh7 67. Qd3+ g6 68. Qd7+ Kh6 69. Qd2+ g5 70. Qd6+ Kh5 71. Qg3 Qc1+ 72. Kd5 Qd2+ 73. Ke6 Qe2+ 74. Kd5 Qb5+ 75. Ke6 Qc6+ 76. Kf5 Qc8+ 77. Kf6 Qf8+ 78. Ke6 Qe8+ 79. Kf6 1/2-1/2

[Event "Quebec op U2000"]
[Site "Ste-Foy CAN"]
[Date "2017.08.17"]
[Round "7.31"]
[White "Bolduc, Olivier"]
[Black "Jobin, Rock"]
[Result "1/2-1/2"]
[WhiteElo "1593"]
[BlackElo "1617"]
[WhiteFideId "-1"]
[WhiteFideId "-1"]
[PlyCount "146"]
[GameId "2160767908347385"]
[EventDate "2017.08.12"]
[EventType "swiss"]
[EventRounds "9"]
[EventCountry "CAN"]
[SourceTitle "EXT 2022"]
[Source "ChessBase"]
[SourceDate "2021.10.06"]
[SourceVersion "1"]
[SourceVersionDate "2021.10.06"]
[SourceQuality "1"]

1. d4 Nf6 2. Nf3 g6 3. Bf4 d6 4. Nbd2 Bg7 5. h3 Nd5 6. Bh2 c5 7. c3 cxd4 8. cxd4 O-O 9. e4 Nb6 10. Be2 Nc6 11. Nb3 Nd7 12. O-O a5 13. Rb1 a4 14. Na1 Qb6 15. Nc2 Rd8 16. d5 Nb4 17. a3 Nxc2 18. Qxc2 Nc5 19. Nd2 Bd7 20. Nc4 Qa7 21. Bf4 Bb5 22. Be3 Bxc4 23. Bxc4 Qa5 24. Bd2 Qc7 25. Be2 Qb8 26. Bb4 Rc8 27. Bg4 Rc7 28. Bxc5 Rxc5 29. Qd2 Qc7 30. Rbc1 Raa5 31. Rxc5 Rxc5 32. Bd1 b5 33. Qb4 h5 34. Be2 Qb6 35. Bd3 Kf8 36. Kh1 Bf6 37. g3 e6 38. dxe6 fxe6 39. f4 Kg7 40. h4 Bd8 41. Qd4+ Kg8 42. Qe3 Qc7 43. f5 exf5 44. exf5 Qb7+ 45. Kh2 Re5 46. Qh6 Qg7 47. Qxg6 Bf6 48. Qxg7+ Kxg7 49. Rc1 Rc5 50. Rxc5 dxc5 51. Bxb5 Bxb2 52. Bxa4 Kf6 53. Bc2 Bxa3 54. Kh3 Bb2 55. g4 hxg4+ 56. Kxg4 Kg7 57. Kg5 Bf6+ 58. Kg4 Bc3 59. Kf3 Bd4 60. Ke4 Bb2 61. Bd1 Bc3 62. Kd5 Bb2 63. Kxc5 Ba1 64. Kd6 Bb2 65. Ke6 Bc3 66. Ba4 Bb2 67. Be8 Bc3 68. Bg6 Bb2 69. Kd5 Ba1 70. Ke4 Bb2 71. Kf4 Ba1 72. Kg4 Bb2 73. h5 Ba1 1/2-1/2

[Event "Quebec op U2000"]
[Site "Ste-Foy CAN"]
[Date "2017.08.18"]
[Round "8.20"]
[White "Abran, David"]
[Black "Tinica, Gabriel"]
[Result "1-0"]
[WhiteElo "1778"]
[BlackElo "1880"]
[WhiteFideId "-1"]
[WhiteFideId "-1"]
[PlyCount "51"]
[GameId "2160767908347386"]
[EventDate "2017.08.12"]
[EventType "swiss"]
[EventRounds "9"]
[EventCountry "CAN"]
[SourceTitle "EXT 2022"]
[Source "ChessBase"]
[SourceDate "2021.10.06"]
[SourceVersion "1"]
[SourceVersionDate "2021.10.06"]
[SourceQuality "1"]

1. e4 c5 2. Nc3 Nc6 3. g3 g6 4. Bg2 Bg7 5. d3 e6 6. Be3 d6 7. f4 Nge7 8. Nf3 O-O 9. Qd2 Qa5 10. O-O b5 11. g4 b4 12. Ne2 Bxb2 13. f5 Bxa1 14. Rxa1 f6 15. Bh6 Rf7 16. Kh1 Rb8 17. Qe1 Qa4 18. g5 exf5 19. gxf6 Rxf6 20. Qh4 g5 21. Bxg5 Rg6 22. Nf4 Qxc2 23. Bxe7 Nxe7 24. Qxe7 b3 25. Nxg6 b2 26. Qf8# 1-0

[Event "Quebec op U2000"]
[Site "Ste-Foy CAN"]
[Date "2017.08.18"]
[Round "8.21"]
[White "Fecteau, Martin"]
[Black "Desbiens, Raphael"]
[Result "1-0"]
[WhiteElo "1947"]
[BlackElo "1954"]
[WhiteFideId "-1"]
[WhiteFideId "-1"]
[PlyCount "63"]
[GameId "2160767908347387"]
[EventDate "2017.08.12"]
[EventType "swiss"]
[EventRounds "9"]
[EventCountry "CAN"]
[SourceTitle "EXT 2022"]
[Source "ChessBase"]
[SourceDate "2021.10.06"]
[SourceVersion "1"]
[SourceVersionDate "2021.10.06"]
[SourceQuality "1"]

1. Nf3 d5 2. d4 Nf6 3. c4 e6 4. g3 Bb4+ 5. Bd2 Be7 6. Bg2 O-O 7. cxd5 exd5 8. O-O Bf5 9. Nc3 c6 10. Qb3 Qb6 11. Qxb6 axb6 12. Nh4 Be6 13. f4 Ne4 14. Nxe4 dxe4 15. Bxe4 Bxh4 16. gxh4 Rxa2 17. Rxa2 Bxa2 18. Ra1 Bc4 19. e3 f5 20. Bf3 Na6 21. b3 Bb5 22. Bc3 Ra8 23. Kf2 Nc7 24. Rxa8+ Nxa8 25. d5 Kf7 26. Be5 g6 27. h5 Ke7 28. Kg3 Kd7 29. Kh4 Bd3 30. hxg6 hxg6 31. Kg5 b5 32. Kxg6 1-0

[Event "Quebec op U2000"]
[Site "Ste-Foy CAN"]
[Date "2017.08.18"]
[Round "8.22"]
[White "Sauve, Richard"]
[Black "Richard, Leo"]
[Result "1/2-1/2"]
[WhiteElo "1857"]
[BlackElo "1734"]
[WhiteFideId "-1"]
[WhiteFideId "-1"]
[PlyCount "109"]
[GameId "2160767908347388"]
[EventDate "2017.08.12"]
[EventType "swiss"]
[EventRounds "9"]
[EventCountry "CAN"]
[SourceTitle "EXT 2022"]
[Source "ChessBase"]
[SourceDate "2021.10.06"]
[SourceVersion "1"]
[SourceVersionDate "2021.10.06"]
[SourceQuality "1"]

1. d4 Nf6 2. c4 c5 3. d5 e6 4. Nc3 exd5 5. cxd5 d6 6. e4 g6 7. Nf3 Bg7 8. Be2 O-O 9. O-O Re8 10. Qc2 a6 11. a4 Nbd7 12. Bf4 Qc7 13. h3 Rb8 14. Nd2 Ne5 15. Bh2 Qe7 16. f4 Ned7 17. a5 Kh8 18. Bd3 Ng8 19. Nc4 Nh6 20. Qd2 b5 21. axb6 Nxb6 22. Na5 Ra8 23. Rae1 Qc7 24. Nc4 Nxc4 25. Bxc4 Ng8 26. e5 Bb7 27. Ne4 dxe5 28. d6 Qc6 29. fxe5 Bxe5 30. Bxe5+ Rxe5 31. Rxf7 Rxe4 32. Rxe4 Qxe4 33. Qc3+ Qd4+ 34. Qxd4+ cxd4 35. Rxb7 Rd8 36. d7 Nf6 37. Be6 d3 38. Kf2 Ne4+ 39. Ke1 Nc5 40. Rb6 Nxe6 41. Rxe6 Rxd7 42. Rxa6 Rb7 43. Rd6 Rxb2 44. g4 Re2+ 45. Kf1 Re3 46. Kg2 Kg7 47. h4 Kh6 48. Rd7 Re2+ 49. Kf3 g5 50. Rd6+ Kg7 51. hxg5 Rh2 52. Kg3 Ra2 53. Rxd3 Ra5 54. Kf4 Ra4+ 55. Kf5 1/2-1/2

[Event "Quebec op U2000"]
[Site "Ste-Foy CAN"]
[Date "2017.08.18"]
[Round "8.23"]
[White "Potvin, Alain-Nicolas"]
[Black "Boulianne, Gabriel"]
[Result "0-1"]
[WhiteElo "1838"]
[BlackElo "1832"]
[WhiteFideId "-1"]
[WhiteFideId "-1"]
[PlyCount "58"]
[GameId "2160767908347389"]
[EventDate "2017.08.12"]
[EventType "swiss"]
[EventRounds "9"]
[EventCountry "CAN"]
[SourceTitle "EXT 2022"]
[Source "ChessBase"]
[SourceDate "2021.10.06"]
[SourceVersion "1"]
[SourceVersionDate "2021.10.06"]
[SourceQuality "1"]

1. d4 Nf6 2. Nf3 d5 3. e3 e6 4. Bd3 c5 5. b3 Nc6 6. a3 cxd4 7. exd4 Bd6 8. Bb2 O-O 9. O-O Re8 10. Ne5 Bxe5 11. dxe5 Ne4 12. Nd2 f5 13. exf6 Nxf6 14. f4 e5 15. fxe5 Nxe5 16. Bxe5 Rxe5 17. Nf3 Bg4 18. Qd2 Bxf3 19. Rxf3 Ne4 20. Qf4 Qe7 21. Raf1 g5 22. Qc1 g4 23. Rf4 Qc5+ 24. R1f2 Nxf2 25. Rxf2 Rf8 26. Qd2 Re7 27. b4 Qb6 28. Kf1 Rxf2+ 29. Qxf2 Rf7 0-1

[Event "Quebec op U2000"]
[Site "Ste-Foy CAN"]
[Date "2017.08.18"]
[Round "8.24"]
[White "Sarra-Bournet, Marc"]
[Black "Perreault, Jacquelin"]
[Result "0-1"]
[WhiteElo "1793"]
[BlackElo "1665"]
[WhiteFideId "-1"]
[WhiteFideId "-1"]
[PlyCount "64"]
[GameId "2160767908347390"]
[EventDate "2017.08.12"]
[EventType "swiss"]
[EventRounds "9"]
[EventCountry "CAN"]
[SourceTitle "EXT 2022"]
[Source "ChessBase"]
[SourceDate "2021.10.06"]
[SourceVersion "1"]
[SourceVersionDate "2021.10.06"]
[SourceQuality "1"]

1. e4 c5 2. Nc3 d6 3. f4 Nc6 4. Nf3 e6 5. Bc4 a6 6. d3 g6 7. f5 Bg7 8. O-O Nf6 9. Bg5 O-O 10. Qe1 b5 11. Bb3 h6 12. Qh4 hxg5 13. Nxg5 Nh5 14. g4 Bf6 15. fxg6 fxg6 16. gxh5 Bxg5 17. Rxf8+ Kxf8 18. Rf1+ Kg8 19. Qf2 Qe7 20. Nd5 exd5 21. Bxd5+ Be6 22. Bxc6 Rf8 23. Qxf8+ Qxf8 24. Rxf8+ Kxf8 25. hxg6 Kg7 26. Be8 Bxa2 27. Bf7 Bxf7 28. gxf7 Kxf7 29. Kg2 a5 30. d4 a4 31. dxc5 dxc5 32. Kf3 Bf6 0-1

[Event "Quebec op U2000"]
[Site "Ste-Foy CAN"]
[Date "2017.08.18"]
[Round "8.26"]
[White "Genest, Dominic"]
[Black "Cummins, Paul"]
[Result "1-0"]
[WhiteElo "1757"]
[BlackElo "1781"]
[WhiteFideId "-1"]
[WhiteFideId "-1"]
[PlyCount "84"]
[GameId "2160767908347391"]
[EventDate "2017.08.12"]
[EventType "swiss"]
[EventRounds "9"]
[EventCountry "CAN"]
[SourceTitle "EXT 2022"]
[Source "ChessBase"]
[SourceDate "2021.10.06"]
[SourceVersion "1"]
[SourceVersionDate "2021.10.06"]
[SourceQuality "1"]

1. c4 b6 2. Nf3 Nf6 3. g3 e6 4. Bg2 c6 5. O-O Ba6 6. b3 Be7 7. Bb2 O-O 8. Ne5 d5 9. Nc3 Nfd7 10. Nxd7 Nxd7 11. d3 Rc8 12. e3 b5 13. cxd5 cxd5 14. a3 Rc7 15. Qd2 Nc5 16. Qc2 b4 17. axb4 Bxd3 18. Qd1 Bxf1 19. Bxf1 Nd7 20. Nb5 Rb7 21. Nxa7 Bf6 22. Nc6 Qe8 23. Bxf6 Nxf6 24. b5 Ne4 25. Qd4 Qd7 26. Bd3 f5 27. Ra6 Ng5 28. Na5 Qc7 29. Kg2 Qe7 30. Nc6 Qf7 31. b6 Qh5 32. Ne5 Rc8 33. h4 Nf7 34. Ra7 Rxa7 35. bxa7 Nxe5 36. Qxe5 Qe8 37. Ba6 Ra8 38. Qc7 Qd8 39. Qxd8+ Rxd8 40. Bb7 Kf8 41. a8=Q Rxa8 42. Bxa8 Ke7 1-0